[Event "San Jose subzonal 2.3c"]
[Site "San Jose"]
[Date "2018.03.25"]
[Round "1"]
[White "Ibanez, Diego"]
[Black "Rojas Cisneros, Kevin"]
[Result "0-1"]
[WhiteElo "1256"]
[BlackElo "1919"]
[PlyCount "92"]
[EventDate "2018.03.25"]
[EventType "swiss"]
[EventRounds "9"]
[EventCountry "CRI"]
[SourceTitle "EXT 2019"]
[Source "ChessBase"]
[SourceDate "2018.10.10"]
[SourceVersion "1"]
[SourceVersionDate "2018.10.10"]
[SourceQuality "1"]

1. e4 e5 2. Nf3 Nc6 3. Bb5 a6 4. Ba4 Nf6 5. 0-0 d6 6. Re1 Be7 7. c3 b5 8. Bb3 0-0 9. h3 Na5 10. Bc2 c5 11. d4 Nd7 12. Nbd2 Bf6 13. Nf1 Qc7 14. d5 Nc4 15. b3 Ncb6 16. Ng3 Bb7 17. Nh2 Rfc8 18. Ng4 Bd8 19. f4 Bh4 20. Nf5 Bxe1 21. Ne7+ Kf8 22. Nxc8 Bxc3 23. Nxb6 Qxb6 24. Rb1 Bd4+ 25. Kh1 f5 26. exf5 Bxd5 27. Bb2 Nf6 28. fxe5 Nxg4 29. Qxg4 dxe5 30. Bxd4 cxd4 31. Rf1 Qf6 32. Be4 Bxe4 33. Qxe4 Rc8 34. g4 Qc6 35. Qxc6 Rxc6 36. Re1 d3 37. Rd1 e4 38. Kg1 Rc2 39. a4 bxa4 40. bxa4 e3 41. Rxd3 Rc1+ 42. Kg2 e2 43. Re3 e1Q 44. Rxe1 Rxe1 45. Kf2 Ra1 46. Ke2 Rxa4 0-1